Catálogo de la Biblioteca Horacio González - Universidad Nacional de General Sarmiento

Dios y el diablo en la tierra del sol = Deus e o diabo na terra do sol (Registro nro. 54472)

Detalles MARC
000 -CABECERA
campo de control de longitud fija 01329ngm a22003010a 4500
001 - NÚMERO DE CONTROL
campo de control PT16772
003 - IDENTIFICADOR DEL NÚMERO DE CONTROL
campo de control AR-LpoUNG
005 - FECHA Y HORA DE LA ÚLTIMA TRANSACCIÓN
campo de control 20210202000245.0
007 - CAMPO FIJO DE DESCRIPCIÓN FÍSICA--INFORMACIÓN GENERAL
campo de control de longitud fija vd cvaizq
008 - DATOS DE LONGITUD FIJA--INFORMACIÓN GENERAL
campo de control de longitud fija 191001s1964||||ag |||||||||||||||||por d
037 ## - FUENTE DE ADQUISICIÓN
Condiciones de disponibilidad $8.30
040 ## - FUENTE DE LA CATALOGACIÓN
Centro catalogador/agencia de origen AR-LpoUNG
Lengua de catalogación spa
Centro/agencia transcriptor AR-LpoUNG
Normas de descripción aacr
041 ## - CÓDIGO DE LENGUA
Código de lengua del texto/banda sonora o título independiente por
-- spa
044 ## - CÓDIGO DEL PAÍS DE LA ENTIDAD EDITORA/PRODUCTORA
Código MARC del país ag
082 0# - NÚMERO DE LA CLASIFICACIÓN DECIMAL DEWEY
Número de clasificación 303.6 672dio
100 1# - ENTRADA PRINCIPAL--NOMBRE DE PERSONA
Nombre de persona Rocha, Glauber
Término indicativo de función/relación dir.
245 10 - MENCIÓN DE TÍTULO
Título Dios y el diablo en la tierra del sol = Deus e o diabo na terra do sol
260 ## - PUBLICACIÓN, DISTRIBUCIÓN, ETC.
Lugar de publicación, distribución, etc. Buenos Aires :
Nombre del editor, distribuidor, etc. Cultural Video,
Fecha de publicación, distribución, etc. [1964].
300 ## - DESCRIPCIÓN FÍSICA
Extensión VHS (120 min.) : son., col.
505 0# - NOTA DE CONTENIDO CON FORMATO
Nota de contenido con formato Guión: Walter Lima Junior ; Valdemar Lima ; montaje: Rafael Valverde. - Diálogos en portugués, subtítulos en español
520 ## - SUMARIO, ETC.
Sumario, etc. Contada como un romance popular de la llamada literatura de cordel de la época, este relato de ficción narra las aventuras del pistolero a sueldo Antonio das Mortes, teniendo como telón de fondo los últimos dias de los asaltantes de caminos en el nordeste brasilero. El filme sigue a Antonio mientras éste es testigo de la caida en desgracia del campesino Manuel al unirse a la banda de su archienemigo, Corsico el demonio rubio y Pedra Bonita Masacre.
650 #4 - PUNTO DE ACCESO ADICIONAL DE MATERIA--TÉRMINO DE MATERIA
Término de materia o nombre geográfico como elemento de entrada BRASIL
650 #4 - PUNTO DE ACCESO ADICIONAL DE MATERIA--TÉRMINO DE MATERIA
Término de materia o nombre geográfico como elemento de entrada HISTORIA SOCIAL
651 #4 - PUNTO DE ACCESO ADICIONAL DE MATERIA--NOMBRE GEOGRÁFICO
Nombre geográfico Brasil
653 ## - TÉRMINO DE INDIZACIÓN--NO CONTROLADO
Término no controlado VIDEOS
905 ## - ELEMENTOS DE DATOS E LOCAL, LDE (RLIN)
a 16772
942 ## - ELEMENTOS DE PUNTO DE ACCESO ADICIONAL (KOHA)
Tipo de ítem Koha Video
Existencias
Estado de retiro Estado de pérdida Estado dañado No para préstamo Código de colección Localización permanente Ubicación/localización actual Fecha de adquisición Total de préstamos Signatura topográfica completa Código de barras Fecha visto por última vez Precio válido a partir de Tipo de ítem Koha
        Colección Cine Biblioteca Universidad Nacional de General Sarmiento Biblioteca Universidad Nacional de General Sarmiento 02/02/2021   303.6 672dio 00018205 02/02/2021 02/02/2021 Video